00233nam a2200097Ia 4500008004100000041000800041082001200049100002500061245001300086260003600099240719s9999 xx 000 0 und d aeng a823 CHA aChatterjee, Upamanyu aVillainy aNew DelhibSPEAKING TIGERc2022